[Event "Ch Belgium (juniors) (under 16)"]
[Site "masterchessopen.com – Houffalize (Belgium)"]
[Date "2009.04.18"]
[Round "8"]
[White "Wetzels Jean-Pierre"]
[Black "Van Herck Raf"]
[Result "0-1"]
[WhiteElo "1355"]
[BlackElo "1625"]

1.e4 e6 2.d4 d5 3.Nd2 Bb4 4.c3 Ba5 5.a4 c6 6.b4 Bc7 7.e5 Ne7 8.Bd3 O-O 9.Ndf3
f6 10.Nh3 fxe5 11.dxe5 Nf5 12.Qc2 h6 13.Rg1 Nd7 14.g4 Nh4 15.Bh7+ Kh8 16.Nxh4
Qxh4 17.Rg3 Bxe5 18.Re3 Qf6 19.Qd3 Bxc3+ 20.Qxc3 Kxh7 21.Bb2 Qe7 22.Nf4 Rxf4
23.Rh3 Qxb4 24.Qxb4 Rxb4 25.Rb1 Kg8 {#R} 0-1

[Event "Tournament (juniors) (under 14)"]
[Site "masterchessopen.com – Sielpia (Poland)"]
[Date "2009.04.30"]
[Round "5"]
[White "Budzinski Jan (POL)"]
[Black "Popiol Michal (POL)"]
[Result "1-0"]
[WhiteElo "1846"]
[BlackElo "1788"]

1.e4 e6 2.d4 d5 3.Nd2 Nc6 4.c3 Nf6 5.e5 Nd7 6.Bd3 b6 7.Ndf3 f6 8.Ng5 Ndxe5
9.dxe5 Nxe5 10.N5f3 Nxd3+ 11.Qxd3 c5 12.Ne2 e5 13.Nd2 e4 14.Nxe4 Bf5 15.Nd6+
Bxd6 16.Qxf5 Be5 17.Qe6+ Kf8 18.O-O Qc7 19.f4 Re8 20.Qxd5 {#r} 1-0

[Event "Ch Germany (juniors) (Internet) (under 14) (qual3)"]
[Site "masterchessopen.com – Internet"]
[Date "2009.05.17"]
[Round "6"]
[White "Moritz Aron (GER)"]
[Black "Werwitzke Jasper"]
[Result "1-0"]
[WhiteElo "2004"]
[BlackElo "1375"]

1.e4 e6 2.d4 d5 3.Nd2 Nc6 4.c3 Bd7 5.f4 dxe4 6.Nxe4 Nf6 7.Bd3 Nxe4 8.Bxe4 Qh4+
9.g3 Qf6 10.Ne2 h5 11.Be3 Bd6 12.Qc2 h4 13.g4 g5 14.fxg5 Qg7 15.O-O-O Be7
16.Qd2 e5 17.dxe5 Nxe5 18.Bf4 O-O-O 19.Qe3 Nxg4 20.Qxa7 {#r} 1-0

[Event "Ch Germany (juniors) (Internet) (under 18) (qual3)"]
[Site "masterchessopen.com – Internet"]
[Date "2009.05.17"]
[Round "3"]
[White "Begri Felix"]
[Black "Poetsch Hagen (GER)"]
[Result "0-1"]
[WhiteElo "1843"]
[BlackElo "2351"]

1.e4 e6 2.d4 d5 3.Nd2 Be7 4.e5 c5 5.c3 Nc6 6.Qg4 g5 7.Bd3 cxd4 8.cxd4 h5 9.Qd1
Nxd4 10.Qa4+ Nc6 11.Ne2 Bd7 12.O-O Nxe5 13.Qd4 Bf6 14.Qe3 Qb6 15.Qxb6 axb6
16.Bc2 Rc8 17.Nd4 Ne7 18.Re1 Nc4 19.N2b3 e5 20.Nf3 g4 21.Ng5 Nxb2 22.Bxb2 Rxc2
23.Bxe5 Bxe5 24.Rxe5 f6 25.Nd4 Rc4 {#R} 0-1

[Event "Ch Germany (juniors) (Internet) (under 18) (qual3)"]
[Site "masterchessopen.com – Internet"]
[Date "2009.05.17"]
[Round "7"]
[White "Heyne Lukas (GER)"]
[Black "Kleibel Uwe"]
[Result "0-1"]
[WhiteElo "1785"]
[BlackElo "2125"]

1.e4 e6 2.d4 d5 3.Nd2 Be7 4.Bd3 Nf6 5.e5 Nfd7 6.Ngf3 c5 7.c3 Nc6 8.O-O cxd4
9.cxd4 a5 10.a3 Qb6 11.Qa4 g5 12.h3 h5 13.Nh2 Qxd4 14.Qc2 Ndxe5 15.Ndf3 Qxd3
{#R} 0-1

[Event "Cup Serbia (team)"]
[Site "masterchessopen.com – Sombor (Serbia)"]
[Date "2009.05.20"]
[Round "3"]
[White "Perunovic Milos (SRB)"]
[Black "Sedlak Nikola (SRB)"]
[Result "0-1"]
[WhiteElo "2572"]
[BlackElo "2571"]

1.e4 e6 2.d4 d5 3.Nd2 a6 4.Ngf3 Nf6 5.e5 Nfd7 6.Bd3 c5 7.c3 Nc6 8.O-O g5 9.h3
h5 10.g4 hxg4 11.hxg4 Qb6 12.Qa4 Qa7 13.Nxg5 cxd4 14.Ndf3 b5 15.Qd1 dxc3
16.Qe2 Nd4 17.Qd1 Nxf3+ 18.Nxf3 Bb7 19.Re1 Bc5 20.Qe2 d4 21.Bf4 O-O-O 22.Rac1
Rh3 23.Bg3 Nxe5 24.Qxe5 Bxf3 {#R} 0-1

[Event "It (open)"]
[Site "masterchessopen.com – Klatovy (Czech Republic)"]
[Round "0"]
[White "Hatas R"]
[Black "Hava Petr (CZE)"]
[Result "1-0"]
[WhiteElo "1705"]
[BlackElo "1927"]

1.e4 e6 2.d4 d5 3.Nd2 f5 4.exf5 exf5 5.Ngf3 Bd6 6.Qe2+ Ne7 7.Ne5 O-O 8.Ndf3 f4
9.Bd2 Bf5 10.c4 Nbc6 11.a3 Bxe5 12.dxe5 Ng6 13.Bc3 d4 14.O-O-O Bg4 15.Qe4
Ngxe5 16.Bxd4 Bxf3 17.gxf3 Nxd4 18.Rxd4 Qf6 19.Bh3 Nc6 20.Rd7 Rad8 21.Rhd1
Rxd7 22.Rxd7 Qe5 23.Be6+ Kh8 24.Bd5 h6 25.Bxc6 {#r} 1-0

[Event "It (open) (j)"]
[Site "masterchessopen.com – Pardubice (Czech Republic)"]
[Date "2009.07.18"]
[Round "2"]
[White "Lang Anders (SWE)"]
[Black "Haimovich Tal (ISR)"]
[Result "0-1"]
[WhiteElo "1893"]
[BlackElo "2414"]

1.e4 e6 2.d4 d5 3.Nd2 Ne7 4.e5 c5 5.c3 Nbc6 6.Ngf3 Nf5 7.Bd3 cxd4 8.Bxf5 dxc3
9.bxc3 exf5 10.O-O Be7 11.Bb2 O-O 12.Re1 Be6 13.Nb3 Rc8 14.Nfd4 Qd7 15.f4 Nxd4
16.Nxd4 Rc4 17.Qb3 Rfc8 18.g3 Bc5 19.Rec1 b5 20.Kg2 b4 21.Qd1 bxc3 22.Bxc3 Ba3
23.Bb2 Bxb2 24.Rxc4 dxc4 {#R} 0-1

[Event "It (open)"]
[Site "masterchessopen.com – Cairo (Egypt)"]
[Date "2009.07.21"]
[Round "2"]
[White "Zayan Osama (EGY)"]
[Black "Refaat Ibrahim (EGY)"]
[Result "1-0"]
[WhiteElo "2183"]
[BlackElo "1853"]

1.e4 e6 2.d4 d5 3.Nd2 h6 4.e5 c5 5.c3 Qb6 6.Nb3 cxd4 7.Nxd4 Nc6 8.Ngf3 Bd7
9.Be2 Nxd4 10.Nxd4 Bc5 11.O-O Bxd4 12.cxd4 Bb5 13.Bxb5+ Qxb5 14.Qg4 g6 15.b3
Qa5 16.a4 Qb4 17.Qd1 {#r} 1-0

[Event "It (open)"]
[Site "masterchessopen.com – Wasselonne (France)"]
[Date "2009.08.06"]
[Round "1"]
[White "Frantz Nicolas"]
[Black "Linder Oliver (GER)"]
[Result "0-1"]
[WhiteElo "1620"]
[BlackElo "2009"]

1.e4 e6 2.d4 d5 3.Nd2 Nc6 4.c3 e5 5.Ngf3 exd4 6.cxd4 Nf6 7.e5 Ne4 8.Bd3 Bf5
9.Qe2 Bb4 10.O-O Nxd2 11.Bxd2 Bxd3 12.Qxd3 Bxd2 13.Qxd2 O-O 14.Rfe1 Qd7 15.a3
Rae8 16.Qd3 h6 17.Rac1 Nd8 18.Qb3 c6 19.Qd3 Qg4 20.h3 Qh5 21.g4 Qxh3 {#R} 0-1

[Event "Cup Governor's (open)"]
[Site "masterchessopen.com – Tosno (Russia)"]
[Date "2009.09.25"]
[Round "3"]
[White "Khan Andrey (RUS)"]
[Black "Zacurdajev Mikhail (RUS)"]
[Result "0-1"]
[WhiteElo "1803"]
[BlackElo "2376"]

1.e4 e6 2.d4 d5 3.Nd2 Nc6 4.Bb5 a6 5.Bxc6+ bxc6 6.Ne2 Nf6 7.e5 Nd7 8.O-O c5
9.c3 a5 10.f4 g6 11.Nf3 Ba6 12.Rf2 cxd4 13.cxd4 c5 14.Be3 Be7 15.Qd2 Rc8
16.Kh1 Qb6 17.Ng5 Qb4 18.Qxb4 cxb4 19.Ng1 Nb6 20.Rc1 Nc4 21.Rfc2 O-O 22.Bf2
Nxb2 23.Rxc8 Rxc8 24.Rxc8+ Bxc8 25.N1h3 Ba6 {#R} 0-1

[Event "Tournament (open)"]
[Site "masterchessopen.com – Foz do Iguacu (Brazil)"]
[Date "2009.10.10"]
[Round "3"]
[White "Britez G Jorge A (PAR)"]
[Black "Yano William (BRA)"]
[Result "0-1"]
[WhiteElo "1877"]
[BlackElo "2161"]

1.e4 e6 2.d4 d5 3.Nd2 h6 4.Ngf3 Nf6 5.e5 Nfd7 6.Bd3 c5 7.c3 Nc6 8.O-O g5 9.a3
g4 10.Ne1 h5 11.Nc2 Qb6 12.Ne3 cxd4 13.Nxd5 exd5 14.e6 fxe6 15.Bg6+ Kd8
16.cxd4 Qxd4 17.Rb1 Nde5 18.Bc2 Rg8 19.b4 Bd6 20.Bb2 Qf4 21.Ne4 Nf3+ {#R} 0-1

[Event "It (open)"]
[Site "masterchessopen.com – Fouesnant (France)"]
[Date "2009.10.27"]
[Round "5"]
[White "Marholev Dimitar (BUL)"]
[Black "Ladrat Matthieu (FRA)"]
[Result "1-0"]
[WhiteElo "2364"]
[BlackElo "2223"]

1.e4 e6 2.d4 d5 3.Nd2 Be7 4.Bd3 c5 5.dxc5 Nf6 6.exd5 Qxd5 7.Ngf3 Qxc5 8.O-O
O-O 9.a3 Rd8 10.Qe2 Nbd7 11.b4 Qc7 12.Nc4 a6 13.Bg5 Nf8 14.Bh4 Nh5 15.Bxe7
Qxe7 16.Nb6 Rb8 17.Qe5 Qd6 18.Nxc8 Qxe5 19.Ne7+ Kh8 20.Nxe5 {#r} 1-0

[Event "Czech League 2009/10 (1st) West"]
[Site "masterchessopen.com – Czech Republic"]
[Date "2009.11.01"]
[Round "2"]
[White "Vaculik Martin (CZE)"]
[Black "Svoboda Svatopluk (SVK)"]
[Result "1-0"]
[WhiteElo "2307"]
[BlackElo "2286"]

1.e4 e6 2.d4 d5 3.Nd2 b6 4.Ngf3 Nf6 5.e5 Nfd7 6.c4 Bb7 7.cxd5 Bxd5 8.Bb5 c5
9.O-O cxd4 10.Re1 Qc7 11.Nxd4 a6 12.Ba4 Qb7 13.Qg4 h5 14.Qg5 h4 15.h3 g6
16.N2f3 Rh5 17.Qg4 Bc5 18.Bg5 Bxd4 19.Nxd4 Bxg2 20.Nxe6 Bf3 21.Qb4 {#r} 1-0

[Event "Tournament"]
[Site "masterchessopen.com – Pulawy (Poland)"]
[Date "2009.11.07"]
[Round "2"]
[White "Derus Jerzy"]
[Black "Czerw Dawid (POL)"]
[Result "0-1"]
[WhiteElo "1877"]
[BlackElo "1683"]

1.e4 e6 2.d4 d5 3.Nd2 Nc6 4.Ngf3 dxe4 5.Nxe4 Nf6 6.Bg5 Be7 7.Bxf6 Bxf6 8.Nxf6+
Qxf6 9.Qd2 O-O 10.O-O-O a5 11.Bc4 a4 12.a3 Na5 13.Bd3 Rd8 14.h4 Bd7 15.Ne5 Be8
16.h5 c5 17.h6 g6 18.Ng4 Qxd4 19.Qg5 Qh8 20.Nf6+ Kf8 21.Qxc5+ {#R} 0-1

[Event "Ch World (juniors) (under 14)"]
[Site "masterchessopen.com – Kemer (Turkey)"]
[Date "2009.11.14"]
[Round "3"]
[White "Du Toit Stefan (RSA)"]
[Black "Liodakis Konstantinos (GRE)"]
[Result "0-1"]
[WhiteElo "1637"]
[BlackElo "1894"]

1.e4 e6 2.d4 d5 3.Nd2 Be7 4.Bd3 c5 5.Ngf3 cxd4 6.Nxd4 Nf6 7.e5 Nfd7 8.f4 Nc6
9.N2f3 Qb6 10.c3 g5 11.Qc2 g4 12.Nxc6 bxc6 13.Nd4 c5 14.Ne2 c4 15.Bxh7 Nf8
16.Bd3 cxd3 17.Qxd3 Ba6 18.Qg3 Bh4 {#R} 0-1

[Event "Ch World (juniors) (under 18) (g)"]
[Site "masterchessopen.com – Kemer (Turkey)"]
[Date "2009.11.16"]
[Round "5"]
[White "Iordanidou Zoi (GRE)"]
[Black "Vojinovic Jovana (MNE)"]
[Result "0-1"]
[WhiteElo "2114"]
[BlackElo "2341"]

1.e4 e6 2.d4 d5 3.Nd2 Be7 4.Bd3 c5 5.Ngf3 Nf6 6.dxc5 dxe4 7.Nxe4 Nxe4 8.Bxe4
Qxd1+ 9.Kxd1 Bxc5 10.Ke2 Nd7 11.a3 Nf6 12.Bd3 O-O 13.b4 Be7 14.Bb2 b6 15.Rhe1
Bb7 16.Kf1 a5 17.b5 Bxf3 18.gxf3 Nh5 19.Bd4 Rab8 20.a4 Rbc8 21.Be4 Bc5 22.Red1
Nf4 {#R} 0-1

[Event "It (open) \"]
[Site "masterchessopen.com – Belgrade (Serbia)"]
[Date "2009.11.24"]
[Round "1"]
[White "Panic Anastasija (SRB)"]
[Black "Peric Slavisa (SRB)"]
[Result "0-1"]
[WhiteElo "1854"]
[BlackElo "2275"]

1.e4 e6 2.d4 d5 3.Nd2 a6 4.Bd3 Bd7 5.a4 dxe4 6.Nxe4 Nf6 7.Bg5 Be7 8.Nf3 Nxe4
9.Bxe7 Qxe7 10.Bxe4 Qb4+ 11.Nd2 Bc6 12.c3 Qxb2 13.Bxc6+ Nxc6 14.Ne4 f5 15.Rb1
Qa3 16.Rb3 Qxa4 17.Nc5 Qc4 18.Qf3 Qd5 19.Qxd5 exd5 20.Ne6 Kf7 21.Nxc7 Rad8
22.Rxb7 Rd7 23.Nb5 Rxb7 24.Nd6+ Kf6 25.Nxb7 Rb8 {#R} 0-1

[Event "Ch City (1/2 final) (a)"]
[Site "masterchessopen.com – Madrid (Spain)"]
[Date "2010.01.12"]
[Round "2"]
[White "Pastor Alonso De Prado Alberto (ESP)"]
[Black "Rodriguez De Castro Ayar (ESP)"]
[Result "0-1"]
[WhiteElo "2199"]
[BlackElo "2121"]

1.e4 e6 2.d4 d5 3.Nd2 Be7 4.Ngf3 Nf6 5.Bd3 c5 6.dxc5 Nc6 7.O-O O-O 8.c3 Bxc5
9.Qe2 Re8 10.e5 Nd7 11.Re1 f6 12.Nb3 Ncxe5 13.Nxe5 fxe5 14.Nxc5 Nxc5 15.Bc2 e4
16.Be3 b6 17.Bxc5 bxc5 18.Rad1 Qb6 19.b3 Bb7 20.Qh5 Qa5 21.Bxe4 dxe4 22.Rd7
Qxc3 23.Red1 Bd5 24.Rxa7 Rf8 25.Rxa8 Bxa8 {#R} 0-1

[Event "Ch City (open)"]
[Site "masterchessopen.com – Belgrade (Serbia)"]
[Date "2010.01.23"]
[Round "1"]
[White "Kerecki Ljubisa (SRB)"]
[Black "Ivanovic Aleksandar (SRB)"]
[Result "1-0"]
[WhiteElo "2167"]
[BlackElo "1625"]

1.e4 e6 2.d4 d5 3.Nd2 Nc6 4.Ngf3 Bb4 5.c3 dxe4 6.Nxe4 Qd5 7.Bd3 Be7 8.O-O Nf6
9.Re1 O-O 10.Bf4 Nh5 11.Bxc7 Qd7 12.Be5 f6 13.Bg3 f5 14.Neg5 h6 15.Nxe6 Rf6
16.Bc4 Kh8 17.Nf4 Nxg3 18.hxg3 g5 19.Nxg5 hxg5 20.Qh5+ Kg7 21.Qxg5+ Kh7
22.Qg8+ Kh6 23.Qh8+ Kg5 24.Qh4# 1-0

[Event "It (open) (b)"]
[Site "masterchessopen.com – Nova Gorica (Slovenia)"]
[Round "1"]
[White "Di Lazzaro Gabriele (ITA)"]
[Black "Asanin Zvest"]
[Result "1-0"]
[WhiteElo "1901"]
[BlackElo "1535"]

1.e4 e6 2.d4 d5 3.Nd2 Nc6 4.c3 Be7 5.Bd3 Bd7 6.Ne2 f6 7.exd5 exd5 8.Nf4 Bc8
9.Qh5+ g6 10.Nxg6 hxg6 11.Bxg6+ {#r} 1-0

[Event "Ch Poland (juniors) (under 18)"]
[Site "masterchessopen.com – Karpacz (Poland)"]
[Date "2010.03.10"]
[Round "7"]
[White "Bebel Arkadiusz (POL)"]
[Black "Barski Radoslaw (POL)"]
[Result "0-1"]
[WhiteElo "2297"]
[BlackElo "2284"]

1.e4 e6 2.d4 d5 3.Nd2 Be7 4.Ngf3 Nf6 5.e5 Nfd7 6.Bd3 c5 7.c3 Nc6 8.O-O Qb6
9.Re1 g5 10.h3 h5 11.c4 g4 12.cxd5 exd5 13.Nh2 c4 14.Bf5 g3 15.Nhf3 Nxd4
16.Bxd7+ Bxd7 17.Kh1 gxf2 {#R} 0-1

[Event "Ch UrFO (open)"]
[Site "masterchessopen.com – Kurgan (Russia)"]
[Date "2010.03.20"]
[Round "1"]
[White "Polschikov Alexey (RUS)"]
[Black "Bulatov Ramil (RUS)"]
[Result "0-1"]
[WhiteElo "2387"]
[BlackElo "2082"]

1.e4 e6 2.d4 d5 3.Nd2 Be7 4.Bd3 c5 5.dxc5 Nf6 6.Qe2 a5 7.Ngf3 O-O 8.O-O Na6
9.exd5 exd5 10.Nb3 Re8 11.Bg5 h6 12.Bh4 a4 13.Nbd4 g5 14.Bxa6 Rxa6 15.Bg3 Bxc5
16.Qb5 Ne4 17.Rad1 f5 18.Bc7 Qe7 19.Ne5 Nf6 20.Bb8 Bxd4 21.Rxd4 Be6 22.Ng6 Qd7
23.Qxd7 Bxd7 24.Bc7 Rc6 {#R} 0-1

[Event "Tournament (open)"]
[Site "masterchessopen.com – Lipetsk (Russia)"]
[Date "2010.03.22"]
[Round "1"]
[White "Ekimov A"]
[Black "Ponomarev Aleksandr (RUS)"]
[Result "0-1"]
[WhiteElo "1757"]
[BlackElo "2028"]

1.e4 e6 2.d4 d5 3.Nd2 Be7 4.Ngf3 Nf6 5.Bd3 c5 6.c3 Nc6 7.e5 Nd7 8.O-O g5 9.Qc2
g4 10.Ne1 cxd4 11.cxd4 Nxd4 12.Qc3 Nc6 13.Bb5 Qb6 14.Bxc6 Qxc6 15.Qxc6 bxc6
16.f4 Bc5+ 17.Kh1 Ba6 18.Nc2 Bxf1 {#R} 0-1

[Event "Bundesliga 2009/10"]
[Site "masterchessopen.com – Austria"]
[Date "2010.03.28"]
[Round "9"]
[White "Wittmann Walter (AUT)"]
[Black "Reschun Sascha (AUT)"]
[Result "1-0"]
[WhiteElo "2303"]
[BlackElo "2255"]

1.e4 e6 2.d4 d5 3.Nd2 b6 4.Ngf3 h6 5.c3 dxe4 6.Nxe4 Bb7 7.Bb5+ c6 8.Bd3 Nd7
9.Bf4 Ndf6 10.Ne5 Qc8 11.Qf3 Be7 12.O-O c5 13.dxc5 Bxc5 14.Rad1 a6 15.b4 Nxe4
16.Bxe4 Bxe4 17.Qxe4 Nf6 18.Qf3 Be7 19.Nc4 Nd5 20.Rxd5 Qxc4 21.Rc5 bxc5
22.Qc6+ {#r} 1-0

[Event "Ch Romania (juniors) (under 18) (g)"]
[Site "masterchessopen.com – Voineasa (Romania)"]
[Date "2010.04.10"]
[Round "3"]
[White "Vasilescu Maria"]
[Black "Iftime Diana"]
[Result "1-0"]
[WhiteElo "1802"]
[BlackElo "1615"]

1.e4 e6 2.d4 d5 3.Nd2 Ne7 4.e5 Nf5 5.c3 c5 6.dxc5 Bxc5 7.Nb3 Qc7 8.Nxc5 Qxc5
9.Nf3 O-O 10.Bd3 Ne7 11.Bxh7+ Kh8 12.Ng5 g6 13.Qf3 {#r} 1-0

[Event "Ch FEFB (open)"]
[Site "masterchessopen.com – Fontaine (Belgium)"]
[Date "2010.05.13"]
[Round "3"]
[White "Kaiser Marc"]
[Black "Lion Maurice (BEL)"]
[Result "1-0"]
[WhiteElo "1955"]
[BlackElo "1736"]

1.e4 e6 2.d4 d5 3.Nd2 Nc6 4.Ngf3 g6 5.Be2 dxe4 6.Nxe4 Bg7 7.Be3 Nge7 8.c3 O-O
9.Qd2 e5 10.O-O exd4 11.cxd4 Nf5 12.Rad1 Nxe3 13.fxe3 Re8 14.Bd3 Bh6 15.Rde1
Bg4 16.Qf2 Bf5 17.Nfd2 Re7 18.Nf6+ Kg7 19.Bxf5 gxf5 20.Qxf5 Bxe3+ 21.Rxe3 Rxe3
22.Qxh7+ Kf8 23.Qh6+ {#r} 1-0

[Event "Ch FEFB (open)"]
[Site "masterchessopen.com – Fontaine (Belgium)"]
[Date "2010.05.13"]
[Round "3"]
[White "Keiser Marc (BEL)"]
[Black "Lion Maurice (BEL)"]
[Result "0-1"]
[WhiteElo "1824"]
[BlackElo "1736"]

1.e4 e6 2.d4 d5 3.Nd2 Nc6 4.Ngf3 g6 5.Be2 dxe4 6.Nxe4 Bg7 7.Be3 Nge7 8.c3 O-O
9.Qd2 e5 10.O-O exd4 11.cxd4 Nf5 12.Rad1 Nxe3 13.fxe3 Re8 14.Bd3 Bh6 {#R} 0-1

[Event "Ch Bosnia & Herzegovina (team)"]
[Site "masterchessopen.com – Bihac (Bosnia & Herzegovina)"]
[Date "2010.06.11"]
[Round "7"]
[White "Brenjo Slavisa (SRB)"]
[Black "Stavnjak Lazar (BIH)"]
[Result "1-0"]
[WhiteElo "2522"]
[BlackElo "2241"]

1.e4 e6 2.d4 d5 3.Nd2 b6 4.Ngf3 Nf6 5.e5 Nfd7 6.c3 Ba6 7.Bxa6 Nxa6 8.Qe2 Nab8
9.O-O Be7 10.b3 Qc8 11.c4 Qa6 12.Bb2 c5 13.Qe3 Qb7 14.cxd5 Qxd5 15.Ne4 cxd4
16.Bxd4 O-O 17.Rfd1 Qb7 18.Nf6+ Nxf6 19.exf6 gxf6 20.Qh6 Nd7 21.Ng5 {#r} 1-0

[Event "Tournament (open)"]
[Site "masterchessopen.com – Sterlitamak (Russia)"]
[Date "2010.06.30"]
[Round "7"]
[White "Dubov Daniil (RUS)"]
[Black "Karpeshov Oleg (RUS)"]
[Result "0-1"]
[WhiteElo "2195"]
[BlackElo "2384"]

1.e4 e6 2.d4 d5 3.Nd2 Nc6 4.c3 e5 5.dxe5 dxe4 6.Bb5 Qd5 7.Qe2 Bf5 8.c4 Qe6
9.Nxe4 O-O-O 10.Ng5 Qg6 11.Bxc6 Bb4+ 12.Kf1 bxc6 13.Qf3 h6 {#R} 0-1

[Event "Ch Hungary (juniors) (under 12)"]
[Site "masterchessopen.com – Budapest (Hungary)"]
[Date "2010.07.03"]
[Round "8"]
[White "Zsirai Peter (HUN)"]
[Black "Kantor Gergely (HUN)"]
[Result "1-0"]
[WhiteElo "2011"]
[BlackElo "2076"]

1.e4 e6 2.d4 d5 3.Nd2 Be7 4.Ngf3 Nf6 5.e5 Nfd7 6.c4 dxc4 7.Bxc4 Nb6 8.Bb3 O-O
9.O-O Bd7 10.Re1 Bc6 11.Ne4 Na6 12.a3 Bb5 13.Bc2 Nd5 14.Nfg5 h6 15.Qh5 Be8
16.Qh3 Qd7 17.Nh7 Qc6 18.Nc3 Nxc3 19.bxc3 Qd7 20.Nf6+ Bxf6 21.exf6 e5 22.fxg7
Qxh3 23.gxf8=Q+ Kxf8 24.gxh3 {#r} 1-0

[Event "Ch Poland (team) (juniors) (2 liga)"]
[Site "masterchessopen.com – Chelm (Poland)"]
[Date "2010.07.06"]
[Round "1"]
[White "Sobolewski Bartosz (POL)"]
[Black "Firszt Rafal (POL)"]
[Result "1-0"]
[WhiteElo "1889"]
[BlackElo "1497"]

1.d4 e6 2.e4 d5 3.Nd2 Bb4 4.c3 Ba5 5.b4 Bb6 6.e5 Ne7 7.Qh5 Ng6 8.Ndf3 Nd7
9.Bd3 Ndf8 10.h4 a5 11.b5 c5 12.bxc6 bxc6 13.Ba3 Nf4 14.Qg4 Nxd3+ 15.Kd2 g6
16.Kxd3 Ba6+ 17.Kd2 Nd7 18.h5 f5 19.exf6 Qxf6 20.hxg6 {#r} 1-0

[Event "It (b)"]
[Site "masterchessopen.com – Kostroma (Russia)"]
[Date "2010.07.10"]
[Round "12"]
[White "Vakhlamov Igor L (RUS)"]
[Black "Derbenev Andrey (RUS)"]
[Result "0-1"]
[WhiteElo "2287"]
[BlackElo "2365"]

1.e4 e6 2.d4 d5 3.Nd2 b6 4.Ngf3 Nf6 5.exd5 exd5 6.Ne5 Bd6 7.Bb5+ Nfd7 8.Qf3
Bxe5 9.Qxd5 c6 10.Bxc6 Nxc6 11.Qxc6 Ba6 12.dxe5 O-O 13.Nf3 Rc8 14.Qa4 Nc5
15.Qa3 Qd5 16.Be3 Qe4 17.Nd4 Rfd8 18.O-O-O Bd3 19.cxd3 Nxd3+ 20.Kd2 Nxf2
21.Rhf1 Rxd4+ 22.Ke2 Rc2+ {#R} 0-1

[Event "Tournament (Elo) \"]
[Site "masterchessopen.com – Warsaw (Poland)"]
[Date "2010.07.27"]
[Round "4"]
[White "Szwaj Jacek (POL)"]
[Black "Malec Sebastian (POL)"]
[Result "1-0"]
[WhiteElo "1938"]
[BlackElo "2155"]

1.e4 e6 2.d4 d5 3.Nd2 Be7 4.Bd3 c5 5.dxc5 Nc6 6.Ngf3 Nf6 7.exd5 Qxd5 8.O-O O-O
9.Qe2 e5 10.Ne4 Bg4 11.Nxf6+ Bxf6 12.Be4 Qxc5 13.c3 Rfe8 14.Be3 Nd4 15.cxd4
exd4 16.Bf4 Bf5 17.Nd2 d3 18.Qxd3 Rad8 19.Qf3 Bxb2 20.Rab1 Bxe4 21.Nxe4 Qc2
22.Nd6 Re2 23.Bg3 Rd7 24.Rbe1 {#r} 1-0

[Event "It (open)"]
[Site "masterchessopen.com – Tibor (Czech Republic)"]
[Date "2010.08.01"]
[Round "1"]
[White "Vorisek Martin (CZE)"]
[Black "Lahiri Atanu (IND)"]
[Result "0-1"]
[WhiteElo "1848"]
[BlackElo "2341"]

1.e4 e6 2.d4 d5 3.Nd2 Be7 4.Bd3 c5 5.c3 Nc6 6.dxc5 Nf6 7.Ngf3 Bxc5 8.O-O Bb6
9.exd5 Qxd5 10.Nb3 h6 11.Qe2 O-O 12.Rd1 Qh5 13.Bf4 Re8 14.Ne5 Nxe5 15.Bxe5
Bxf2+ 16.Kxf2 Qxe5 17.Qxe5 Ng4+ 18.Ke2 Nxe5 19.Be4 f5 20.Bd3 Bd7 {#R} 0-1

[Event "Memorial Borloy-Androvitzky (cat.6)"]
[Site "masterchessopen.com – Budapest (Hungary)"]
[Date "2010.08.15"]
[Round "9"]
[White "Konnyu Janos (HUN)"]
[Black "Hoang Thanh Trang (HUN)"]
[Result "0-1"]
[WhiteElo "2382"]
[BlackElo "2482"]

1.e4 e6 2.d4 d5 3.Nd2 h6 4.Ngf3 Nf6 5.e5 Nfd7 6.c4 c5 7.cxd5 exd5 8.Bd3 Nc6
9.O-O Be7 10.e6 fxe6 11.Bg6+ Kf8 12.Re1 Kg8 13.dxc5 Nf8 14.Bc2 Bxc5 15.Nb3 Bd6
16.Be3 Qf6 17.Bc5 Bxc5 18.Nxc5 Qxb2 19.Rb1 Qf6 20.Nxb7 Qe7 21.Ba4 Bxb7 22.Qb3
Nd8 {#R} 0-1

[Event "Tournament (open)"]
[Site "masterchessopen.com – Maralsay (Kazakhstan)"]
[Date "2010.08.21"]
[Round "5"]
[White "Stativkin D (KAZ)"]
[Black "Seytesh Serzhan (KAZ)"]
[Result "1-0"]
[WhiteElo "2230"]
[BlackElo "1940"]

1.e4 e6 2.d4 d5 3.Nd2 c6 4.Ngf3 b6 5.c4 dxe4 6.Nxe4 Nf6 7.Bd3 Nbd7 8.O-O Be7
9.Qe2 c5 10.d5 exd5 11.Nd6+ Kf8 12.Nxf7 Qe8 13.Nxh8 Bb7 14.Re1 d4 15.Bf4 Nb8
16.Ng5 Nc6 17.Qe6 Bc8 18.Nxh7+ {#r} 1-0

[Event "It (open)"]
[Site "masterchessopen.com – Rychnov (Czech Republic)"]
[Date "2010.08.23"]
[Round "1"]
[White "Krupa Krzysztof (POL)"]
[Black "Burdilak Milan (CZE)"]
[Result "0-1"]
[WhiteElo "2061"]
[BlackElo "1797"]

1.e4 e6 2.d4 d5 3.Nd2 Bd7 4.Ngf3 c5 5.c3 Nc6 6.Bd3 Be7 7.O-O cxd4 8.cxd4 dxe4
9.Nxe4 Nf6 10.Qe2 O-O 11.Rd1 h6 12.Nxf6+ Bxf6 13.Qe4 Re8 14.Bf4 g6 15.Bxh6 Qa5
16.Qf4 Qh5 17.g4 e5 18.dxe5 Bxg4 19.e6 Rxe6 20.Bc4 Ne5 21.Bxe6 Nxf3+ 22.Kh1
Bxe6 23.Kg2 Qh3+ 24.Kh1 Be5 {#R} 0-1

[Event "Tournament \"]
[Site "masterchessopen.com – Moscow (Russia)"]
[Date "2010.09.08"]
[Round "2"]
[White "Drozdov Vladimir E (RUS)"]
[Black "Spichkin Alexander (RUS)"]
[Result "0-1"]
[WhiteElo "2078"]
[BlackElo "2190"]

1.e4 e6 2.d4 d5 3.Nd2 Be7 4.Bd3 c5 5.c3 Nc6 6.Ne2 cxd4 7.cxd4 dxe4 8.Nxe4 Nf6
9.O-O Qd5 10.N4c3 Qh5 11.Bf4 O-O 12.Qd2 Rd8 13.Rfd1 b6 14.Rac1 Bb7 15.Qe3 Nb4
16.Bc4 Rac8 17.Bb3 Nbd5 18.Qg3 Rxc3 19.Nxc3 Nxf4 20.Qxf4 Bd6 21.Qe3 Qxh2+
22.Kf1 Ba6+ 23.Ke1 Bf4 {#R} 0-1